Japan - Malaysia trade directory 2009.
| Published: |
Singapore:
Wesley Pub. Co.,
2009.
|
|---|---|
| Subjects: |
| LEADER | 00530cam a2200157 7i4500 | ||
|---|---|---|---|
| 001 | 0000041502 | ||
| 005 | 20120109090000.0 | ||
| 020 | |a 9789810818838 (pbk.) | ||
| 090 | 0 | 0 | |a HF5256 |b .J37 2009 |
| 245 | 0 | 0 | |a Japan - Malaysia trade directory 2009. |
| 260 | |a Singapore: |b Wesley Pub. Co., |c 2009. | ||
| 300 | |a 1 v. (various pagings): |b col. ill.; |c 28 cm. | ||
| 500 | |a Some text in Japanese | ||
| 650 | 0 | 0 | |a Corporations, Japanese -- |z Malaysia |
| 650 | 0 | 0 | |a Commercial products -- |z Malaysia |
| 999 | |a 0000050143 |b BOK |c REFERENCE |e 2nd Floor, Shah Alam | ||


